Меньшевики в большевистской России, 1918-1924. Меньшевики в 1921-1922 гг. (Запись № 308820)

Подробности
000 -МАРКЕР
контрольное поле 02520nam0a2200457 4500
001 - ИДЕНТИФИКАТОР ЗАПИСИ
контрольное поле RU\NLR\bibl\361921
005 - ИДЕНТИФИКАТОР ВЕРСИИ
контрольное поле 20260406143705.0
010 ## - МЕЖДУНАРОДНЫЙ СТАНДАРТНЫЙ НОМЕР КНИГИ (ISBN)
Номер (ISBN) 5-8243-0003-8
Тираж 1000
021 ## - НОМЕР ГОСУДАРСТВЕННОЙ РЕГИСТРАЦИИ
Код страны Российская Федерация
Номер 2002-56729
Номер Листа государственной регистраци 2756
035 ## - ДРУГИЕ СИСТЕМНЫЕ НОМЕРА
Идентификатор записи (NLR Aleph) 000356522
100 ## - ДАННЫЕ ОБЩЕЙ ОБРАБОТКИ
Данные общей обработки 20030128d2002 |||y0rusy50 ca
101 0# - ЯЗЫК РЕСУРСА
Язык текста, звукозаписи и т.д. русский
102 ## - СТРАНА ПУБЛИКАЦИИ ИЛИ ПРОИЗВОДСТВА
Страна публикации Российская Федерация
105 ## - ПОЛЕ КОДИРОВАННЫХ ДАННЫХ: ТЕКСТОВЫЕ МАТЕРИАЛЫ, МОНОГРАФИЧЕСКИЕ
Кодированные данные о монографическом текстовом документе y |||||||||
200 1# - ЗАГЛАВИЕ И СВЕДЕНИЯ ОБ ОТВЕТСТВЕННОСТИ
Основное заглавие Меньшевики в большевистской России, 1918-1924. Меньшевики в 1921-1922 гг.
Сведения, относящиеся к заглавию [Сб.
Первые сведения об ответственности Ассоц. "Рос. полит. энцикл." и др.]
Последующие сведения об ответственности Отв. сост. Д. Павлов; Отв. ред. З. Галили, А. Ненароков
210 ## - ПУБЛИКАЦИЯ, РАСПРОСТРАНЕНИЕ И ДР.
Место издания, распространения и т.д. М.
Имя издателя, распространителя и т. д. Росспэн
Дата издания, распространения и т.д. 2002
215 ## - ФИЗИЧЕСКАЯ ХАРАКТЕРИСТИКА
Специфическое обозначение материала и объем 621, [1] с.
Размеры 22
225 1# - СЕРИЯ
Основное заглавие серии Политические партии России
Сведения, относящиеся к заглавию Конец XIX - первая треть XX века
-- Докум. наследие
Сведения об ответственности Ред. совет: О.В. Волобуев и др.
300 ## - ОБЩИЕ ПРИМЕЧАНИЯ
Текст примечания На авантит. также: Федер. арх. служба России, Рос. гос. арх. социал.-полит. истории, Ратгер. ун-т штата Нью-Джерси, Архив Гувер. ин-та войны, революции и мира, Междунар. ин-т социал. истории, Амстердам
320 ## - ПРИМЕЧАНИЯ О НАЛИЧИИ В ДОКУМЕНТЕ БИБЛИОГРАФИИ / УКАЗАТЕЛЯ
Текст примечания Библиогр. в подстроч. примеч.
320 ## - ПРИМЕЧАНИЯ О НАЛИЧИИ В ДОКУМЕНТЕ БИБЛИОГРАФИИ / УКАЗАТЕЛЯ
Текст примечания Указ.: с. 595-622
606 0# - НАИМЕНОВАНИЕ ТЕМЫ КАК ПРЕДМЕТ
Наименование темы Меньшевики
Формальный подзаголовок Документы и материалы
Географический подзаголовок Россия
Хронологический подзаголовок 1921 - 1922
Системный номер авторитетной/нормативной записи 2276456
Идентификатор авторитетной/нормативной записи RU\NLR\auth\661364163
610 0# - НЕКОНТРОЛИРУЕМЫЕ ПРЕДМЕТНЫЕ ТЕРМИНЫ
Предметный термин Меньшевизм
610 0# - НЕКОНТРОЛИРУЕМЫЕ ПРЕДМЕТНЫЕ ТЕРМИНЫ
Предметный термин СССР - Политическая история - Источники и источниковедение
610 0# - НЕКОНТРОЛИРУЕМЫЕ ПРЕДМЕТНЫЕ ТЕРМИНЫ
Предметный термин СССР, полит. партии и движения
675 ## - УНИВЕРСАЛЬНАЯ ДЕСЯТИЧНАЯ КЛАССИФИКАЦИЯ (UDC/УДК)
Индекс 329.15.055(47+57)(091)<1918/1924>:930.221
Издание 3
Язык издания rus
686 ## - ИНДЕКСЫ ДРУГИХ КЛАССИФИКАЦИЙ
Индекс 11.15
Код системы
686 ## - ИНДЕКСЫ ДРУГИХ КЛАССИФИКАЦИЙ
Индекс 66.69(2)
Код системы
686 ## - ИНДЕКСЫ ДРУГИХ КЛАССИФИКАЦИЙ
Индекс Ф69(2)422.1,011
686 ## - ИНДЕКСЫ ДРУГИХ КЛАССИФИКАЦИЙ
Индекс Т3(2)711.29-484,011
702 #1 - ИМЯ ЛИЦА - ВТОРИЧНАЯ ОТВЕТСТВЕННОСТЬ
Код отношения Составитель
Материалы, к которым относится поле rus
Графика поля Кириллица
Начальный элемент ввода Павлов
Часть имени, кроме начального элемента ввода Д. Б.
Дополнения к именам, кроме дат д-р ист. наук
Даты 1954-
Расширение инициалов личного имени Дмитрий Борисович
Идентификатор авторитетной/нормативной записи RU\NLR\AUTH\7729516
Системный номер авторитетной/нормативной записи 12545
702 #1 - ИМЯ ЛИЦА - ВТОРИЧНАЯ ОТВЕТСТВЕННОСТЬ
Начальный элемент ввода Галили
Часть имени, кроме начального элемента ввода З.
Расширение инициалов личного имени Зива
Код отношения Редактор
712 02 - НАИМЕНОВАНИЕ ОРГАНИЗАЦИИ - ВТОРИЧНАЯ ОТВЕТСТВЕННОСТЬ
Код отношения Прочие
Начальный элемент ввода "Российская политическая энциклопедия", ассоциация
Идентификатор авторитетной/нормативной записи RU\NLR\AUTH\889922902
Системный номер авторитетной/нормативной записи 341752
801 #0 - ИСТОЧНИК ЗАПИСИ
Страна Российская Федерация
Организация RKP
Дата составления 20030128
Правила каталогизации PSBO
801 #1 - ИСТОЧНИК ЗАПИСИ
Страна Российская Федерация
Организация RKP
Дата составления 20030128
801 #2 - ИСТОЧНИК ЗАПИСИ
Страна Российская Федерация
Организация NLR
Дата составления 20051021
Правила каталогизации rcr
942 ## - ДОПОЛНИТЕЛЬНЫЕ ЭЛЕМЕНТЫ ЗАПИСИ (АБИС)
Тип экземпляра АБИС Книга
980 ## - КОЛЛЕКЦИЯ
Название коллекции Национальная библиография
Экземпляры
Тип экземпляра Дата поступления Источник поступления Библиотека постоянного хранения Библиотека текущего хранения Место хранения Шифр хранения Штрих-код Статус экземпляра Стоимость
Книга 08.04.2003 Покупка РНБ (Дом Плеханова) РНБ (Дом Плеханова) Подручный фонд Дома Плеханова   458637   209.00
Книга 03.02.2003 Обязательный экземпляр РНБ (Московский) РНБ (Московский) Русский книжный фонд: издания с 1957 года 2003-5/726 1-745549    
Книга 03.02.2003 Обязательный экземпляр РНБ (Московский) РНБ (Московский) Русский книжный фонд: издания с 1957 года 2003-5/726 413008    
Книга 08.04.2003 Покупка РНБ (Московский) РНБ (Московский) Фонд общего зала социально-экономической литературы С1 Ф69(2)/М-513 1-609887   209.00
Книга 08.04.2003 Покупка РНБ (Садовая) РНБ (Садовая) Фонд научного зала социально-экономической литературы С2 Ф69(2)/М-513 1-491854   209.00
Книга 08.04.2003 Покупка РНБ (Фонтанка) РНБ (Фонтанка) Юношеский читальный зал Ю Ф69(2)/М-51 1-351849   209.00